MICROPROCESSOR CIRCUITS VOL-I (Record no. 5328)

MARC details
000 -LEADER
fixed length control field 00503nam a2200241Ia 4500
001 - CONTROL NUMBER
control field 069154
003 - CONTROL NUMBER IDENTIFIER
control field YMCAF
005 - DATE AND TIME OF LATEST TRANSACTION
control field 20230512160548.0
008 - FIXED-LENGTH DATA ELEMENTS--GENERAL INFORMATION
fixed length control field 100717s1982 ||||||||||||||||| ||und|d
020 ## - INTERNATIONAL STANDARD BOOK NUMBER
International Standard Book Number -
024 ## - OTHER STANDARD IDENTIFIER
Standard number or code 69154
035 ## - SYSTEM CONTROL NUMBER
System control number 8617
040 ## - CATALOGING SOURCE
Original cataloging agency YMCAF
Language of cataloging eng
Transcribing agency IN-KoLT
041 ## - LANGUAGE CODE
Language code of text/sound track or separate title eng
082 ## - DEWEY DECIMAL CLASSIFICATION NUMBER
Classification number 004.16
Item number NOL.1
100 ## - MAIN ENTRY--PERSONAL NAME
Personal name NOLL, EDWARD
245 #0 - TITLE STATEMENT
Title MICROPROCESSOR CIRCUITS VOL-I
260 ## - PUBLICATION, DISTRIBUTION, ETC.
Name of publisher, distributor, etc. HOWARD
Date of publication, distribution, etc. 1982
300 ## - PHYSICAL DESCRIPTION
Extent 109
653 ## - INDEX TERM--UNCONTROLLED
Uncontrolled term -
653 ## - INDEX TERM--UNCONTROLLED
Uncontrolled term -
942 ## - ADDED ENTRY ELEMENTS (KOHA)
Source of classification or shelving scheme Dewey Decimal Classification
Koha item type Books
Holdings
Withdrawn status Lost status Damaged status Not for loan Home library Current library Date acquired Cost, normal purchase price Total Checkouts Barcode Date last seen Cost, replacement price Price effective from Koha item type Public note G
Withdrawn       JC Bose University of Science & Technology JC Bose University of Science & Technology 17/07/2010 0.95   8617 12/05/2023 0.95 12/05/2023 Books C 168/I/V